V kaštieli v Krásnej môžu byť aj komerčné akcie

Bibliographic Details
Format: Article
Language:Slovak
PhysicalDescription:Fotogr.
ISSN:1338-659X
Subjects:
Online Access:osice.korzar.sme.sk/c/7656224/kastiel-v-krasnej-moze-organizovat-aj-komercne-akcie.html

MARC

LEADER 00000nab a2200000 a 4500
001 vtls010657623
003 SK-MaSNL
005 20260303090101.0
008 150227c20150220xo drz 0 0slo
038 |a KEVKJB 
040 |a KEVKJB  |b slo  |c KEVKJB  |e AACR2 
041 0 |a slo 
044 |a xo  |c SK 
080 |a 728.82  |2 2001 
245 0 0 |a V kaštieli v Krásnej môžu byť aj komerčné akcie  |c [autor] (ela) 
300 |b Fotogr. 
650 0 7 |a kaštiele  |z Krásna nad Hornádom (Košice, Slovensko)  |2 kevkjb  |9 1063316 
651 7 |a Košice (Slovensko)  |2 kevkjb  |9 18694 
651 7 |a Krásna nad Hornádom (Krásna, Košice IV, Slovensko)  |2 kevkjb  |9 79319 
773 0 |t Korzár : denník Košického kraja  |g Roč. XVIII., č. 42 (20.2.2015), s. 2  |x 1338-659X 
852 |a KEVKJB  |b KIS3GCP 
856 4 1 |u osice.korzar.sme.sk/c/7656224/kastiel-v-krasnej-moze-organizovat-aj-komercne-akcie.html 
999 |c 1801790  |d 1803720